Podział administarcyjny Czech - flagi - Statystyki

Ogólne statystyki
  • Ten quiz został rozwiązany 35 razy
  • Średni wynik to 7 z 14
Statystyki odpowiedzi
Obrazkowy Odpowiedź % Poprawnych
Praga
100%
Środkowoczeski
73%
Karlowarski
55%
Południowoczeski
55%
Morawsko-śląski
45%
Ołomuniecki
45%
Pilzneński
45%
Południowomorawski
45%
Ustecki
45%
Liberecki
36%
Wysoczyna
36%
Zliński
36%
Hradecki
27%
Pardubicki
27%
Nie znaleziono quizów pasujących do podanych kryteriów
Rozkład punktacji
Procent ludzi z każdym wynikiem
Percentyl według liczby udzielonych odpowiedzi
Twoja historia wyników
Nie rozwiązałeś tego quizu